00598nam a22001695i 4500001000700000003000900007005001700016008004100033040002000074100002100094245010700115250003400222260004600256300001800302650003600320852007200356162175ES-MaACL20230906212439.0041102s1807 fr a |||| | fre d aCAM bspa cCAM1 aPinel, Philippe.10aNosographie philosophique, ou la méthode de l'analyse appliquée a la médecine / cpar Ph. Pinel. a3e éd. rev., corr. et augm. aParis : bJ.A. Brosson, Libraire, c1807. av. ; c21 cm. 4aEnfermedades-xClasificación. aES-MaACLjR-3170 x Olim:G-10622 z-- Enc. piel q-- Sólo t.I